000 00386nam a2200145Ia 4500
008 220217s9999||||xx |||||||||||||| ||und||
020 _a9781259064852
082 _a621.815 DIE
100 _aDieter, George E
245 0 _aEngineering design
250 _a4th
260 _aMcgraw hill book company
_bNew Delhi
_c2013
300 _aXXIV, 827p.
_b750
650 _aMACHINE DESIGN
999 _c186534
_d186534